[Event "Campionato Provinciale Zevio 2020"]
[Site "?"]
[Date "2020.01.24"]
[Round "1.3"]
[White "Di Giovanni, Giuseppe"]
[Black "Oppici, Gabriele"]
[Result "0-1"]
[WhiteElo "1642"]
[BlackElo "1946"]
[PlyCount "64"]
[EventDate "2020.??.??"]

1. e4 d6 2. d4 Nf6 3. Nc3 Nbd7 4. Be2 e5 5. Nf3 c6 6. O-O Qc7 7. a4 Be7 8. Be3
Ng4 9. Qe1 Nxe3 10. fxe3 O-O 11. Qg3 Bf6 12. Rad1 Qb6 13. b3 Qb4 14. Nb1 a6 15.
Bc4 b5 16. c3 Qa5 17. b4 Qc7 18. Bb3 bxa4 19. Bxa4 a5 20. b5 Nb6 21. Nfd2 Qe7
22. Bb3 cxb5 23. Na3 Bd7 24. Nf3 Rac8 25. Rd3 b4 26. cxb4 axb4 27. Nc2 Bb5 28.
Rdd1 Bxf1 29. Rxf1 Rc3 30. Nd2 exd4 31. Nxb4 dxe3 32. Rf3 Rc1+ 0-1

[Event "Campionato Provinciale Zevio 2020"]
[Site "?"]
[Date "2020.01.24"]
[Round "1.4"]
[White "Bertani, Gianfranco"]
[Black "Pisani, Valerio"]
[Result "1-0"]
[WhiteElo "1939"]
[BlackElo "1632"]
[PlyCount "67"]
[EventDate "2020.??.??"]

1. d4 Nf6 2. e3 d5 3. Bd3 Nc6 4. f4 Bg4 5. Nf3 e6 6. O-O Be7 7. Nbd2 O-O 8. c3
Nb8 9. Qe1 Bxf3 10. Nxf3 Ne4 11. c4 f5 12. b3 Nd7 13. Bb2 Ndf6 14. Rc1 c5 15.
Kh1 Rc8 16. Qe2 Ng4 17. Ne5 Nxe5 18. dxe5 Qe8 19. Rfd1 Bh4 20. g3 Be7 21. cxd5
exd5 22. Bb5 Qf7 23. Bd7 Rcd8 24. e6 Qg6 25. Qf3 Qg4 26. Kg2 g5 27. Qxg4 fxg4
28. Rxd5 gxf4 29. exf4 Nf6 30. Rg5+ Kh8 31. Rxg4 Rg8 32. Rxg8+ Kxg8 33. Bxf6
Bxf6 34. Rxc5 1-0

[Event "Campionato Provinciale Zevio 2020"]
[Site "?"]
[Date "2020.01.24"]
[Round "1.5"]
[White "Macalello, Angelo"]
[Black "Malni, Riccardo"]
[Result "1/2-1/2"]
[WhiteElo "1616"]
[BlackElo "1938"]
[PlyCount "139"]
[EventDate "2020.??.??"]

1. f4 Nf6 2. Nf3 d5 3. e3 c5 4. b3 g6 5. Bb2 Bg7 6. Be2 O-O 7. O-O Bg4 8. h3
Bxf3 9. Bxf3 Nc6 10. d3 e6 11. Qe2 Re8 12. Nd2 Ne4 13. dxe4 Bxb2 14. Rad1 Qe7
15. e5 Bc3 16. Nb1 Ba5 17. c4 d4 18. Bxc6 bxc6 19. Kh2 Red8 20. e4 Rd7 21. Rd3
Rf8 22. Nd2 Bxd2 23. Qxd2 f6 24. exf6 Rxf6 25. e5 Rf7 26. Rff3 Rd8 27. a3 Qb7
28. b4 Qb6 29. g4 a6 30. Kg2 cxb4 31. axb4 c5 32. f5 Qc6 33. Kg1 Rdf8 34. bxc5
exf5 35. Qf2 Qxc5 36. Qxd4 Qxd4+ 37. Rxd4 Re7 38. Rd5 fxg4 39. Rxf8+ Kxf8 40.
hxg4 Kf7 41. Ra5 Ra7 42. Kf2 Rc7 43. c5 Ke6 44. Rxa6+ Kxe5 45. Ra5 Rc6 46. Ra7
h6 47. Ra5 Kd5 48. Ke3 Rxc5 49. Rxc5+ Kxc5 50. Ke4 Kd6 51. Kf4 Ke6 52. Ke4 Kd6
53. Kd4 Ke6 54. Ke4 Kf6 55. Kf4 g5+ 56. Kf3 Ke5 57. Ke3 Kd5 58. Kd3 Ke5 59. Ke3
Kf6 60. Kf3 Kg6 61. Kg3 Kf6 62. Kf3 Kg6 63. Kg3 h5 64. gxh5+ Kxh5 65. Kh3 g4+
66. Kg3 Kg5 67. Kg2 Kf4 68. Kf2 g3+ 69. Kg2 Kg4 70. Kg1 1/2-1/2

[Event "Campionato Provinciale Zevio 2020"]
[Site "?"]
[Date "2020.01.24"]
[Round "1.6"]
[White "Goldoni, Claudio"]
[Black "Margareci, Massimo"]
[Result "1/2-1/2"]
[WhiteElo "1825"]
[BlackElo "1601"]
[PlyCount "115"]
[EventDate "2020.??.??"]

1. e4 c6 2. d4 d5 3. Nd2 dxe4 4. Nxe4 Bf5 5. Ng3 Bg6 6. f4 e6 7. Nf3 Nd7 8. Bd3
Bxd3 9. Qxd3 Ngf6 10. f5 exf5 11. Nxf5 g6 12. Qe2+ Be7 13. Nd6+ Kf8 14. Bh6+
Kg8 15. Nc4 Bf8 16. Bxf8 Qxf8 17. O-O-O Qh6+ 18. Kb1 Re8 19. Qd3 Qf8 20. Rhf1
Kg7 21. h3 Qb4 22. c3 Qb5 23. g4 Qd5 24. Nce5 Nxe5 25. Nxe5 Re7 26. Rf4 Nd7 27.
Nf3 Rhe8 28. Rf1 Re3 29. Qd1 R8e4 30. Qd2 Rxf4 31. Qxe3 Qe4+ 32. Qxe4 Rxe4 33.
Rf2 f6 34. Kc2 Nb6 35. Kd3 Re7 36. c4 Nc8 37. b4 Nd6 38. a4 f5 39. g5 h6 40. h4
hxg5 41. hxg5 Ne4 42. Rh2 Re8 43. b5 Rh8 44. Rxh8 Kxh8 45. bxc6 bxc6 46. Ne5 c5
47. Nxg6+ Kg7 48. Ne7 Nxg5 49. dxc5 Kf6 50. Nd5+ Ke6 51. Ke3 Kd7 52. Kd4 Ne6+
53. Ke5 Nxc5 54. Nc3 Nd3+ 55. Kxf5 Nb2 56. c5 Kc6 57. Ke4 Kxc5 58. Nb5 1/2-1/2

[Event "Campionato Provinciale Zevio 2020"]
[Site "?"]
[Date "2020.01.24"]
[Round "1.8"]
[White "Negro, Raffaele"]
[Black "Antolini, Aldo"]
[Result "0-1"]
[WhiteElo "1809"]
[BlackElo "1545"]
[PlyCount "98"]
[EventDate "2020.??.??"]

1. d4 e6 2. Bf4 Nf6 3. e3 d5 4. Nd2 Be7 5. Bd3 Nc6 6. c3 Bd6 7. Bxd6 cxd6 8. f4
e5 9. Bb5 exf4 10. exf4 O-O 11. Ngf3 Re8+ 12. Be2 Qe7 13. Nf1 Bf5 14. Ng3 Bg4
15. O-O Qe3+ 16. Rf2 Ne4 17. Nxe4 Rxe4 18. Bd3 Rxf4 19. Kf1 Re8 20. h3 Bf5 21.
Bxf5 Rxf5 22. Qc2 Re4 23. Re1 Qf4 24. Qd2 Qxd2 25. Nxd2 Rxf2+ 26. Kxf2 Rxe1 27.
Kxe1 f5 28. Ke2 Kf7 29. Kf3 g5 30. Nf1 Kf6 31. Ne3 Ke6 32. g3 h6 33. h4 b5 34.
h5 a6 35. g4 Ne7 36. Nc2 fxg4+ 37. Kxg4 Nc6 38. Ne3 Ne7 39. Nc2 Nc6 40. Ne1 Ne7
41. Nc2 Nc6 42. b3 Kf6 43. Ne3 Ne7 44. c4 dxc4 45. bxc4 bxc4 46. Nxc4 d5 47.
Ne3 Ke6 48. a3 Ng8 49. Nf5 Nf6+ 0-1

[Event "Campionato Provinciale Zevio 2020"]
[Site "?"]
[Date "2020.01.24"]
[Round "1.9"]
[White "Leone, Cataldo"]
[Black "Righi, Francesco"]
[Result "1/2-1/2"]
[WhiteElo "1503"]
[BlackElo "1806"]
[PlyCount "108"]
[EventDate "2020.??.??"]

1. e4 c5 2. c3 d5 3. exd5 Qxd5 4. Nf3 Bg4 5. Be2 Nf6 6. d4 e6 7. O-O Nc6 8. Be3
cxd4 9. Nxd4 Bxe2 10. Qxe2 Nxd4 11. cxd4 Be7 12. Nc3 Qd7 13. Qb5 Qxb5 14. Nxb5
Nd5 15. Rac1 Kd7 16. Rc4 a6 17. Na3 b5 18. Rcc1 Rhc8 19. Nb1 f5 20. a3 g5 21.
Rxc8 Rxc8 22. Rc1 Bf6 23. Rxc8 Kxc8 24. Nc3 f4 25. Nxd5 exd5 26. Bc1 Bxd4 27.
Kf1 Kd7 28. Ke2 Ke6 29. b3 Kf5 30. a4 g4 31. axb5 axb5 32. Ba3 h5 33. Be7 Be5
34. f3 Bd4 35. Kd3 Bb2 36. Bd8 Ke6 37. Bc7 Bc1 38. Bd8 Kd7 39. Bg5 gxf3 40.
gxf3 Be3 41. Bf6 Bg1 42. h3 Ke6 43. Bd8 Ke5 44. Be7 Kf5 45. Bd8 Ke5 46. Be7 Bb6
47. Bg5 Kf5 48. Be7 Ke6 49. Bg5 Bc7 50. Bh4 Be5 51. Bg5 Kf5 52. Bh6 Bf6 53. Ke2
Kg6 54. Bxf4 Kf5 1/2-1/2

[Event "Campionato Provinciale Zevio 2020"]
[Site "?"]
[Date "2020.01.24"]
[Round "1.10"]
[White "Pieropan, Giorgio"]
[Black "Zonta, Riccardo"]
[Result "1-0"]
[WhiteElo "1801"]
[BlackElo "1488"]
[PlyCount "51"]
[EventDate "2020.??.??"]

1. e4 b6 2. d4 Bb7 3. Nc3 e6 4. a3 Nf6 5. Bd3 a6 6. Nf3 d6 7. O-O Nbd7 8. Re1
Be7 9. b3 O-O 10. Bb2 h6 11. Qe2 Re8 12. Rad1 Bf8 13. e5 Nd5 14. Nxd5 exd5 15.
Qd2 dxe5 16. dxe5 Nc5 17. b4 Nxd3 18. Qxd3 c5 19. c3 c4 20. Qd4 a5 21. Ra1 Re6
22. Qf4 Be7 23. Nd4 Bg5 24. Nxe6 fxe6 25. Qg4 Qe7 26. f4 1-0

[Event "Campionato Provinciale Zevio 2020"]
[Site "?"]
[Date "2020.01.24"]
[Round "1.11"]
[White "Nori, Marco"]
[Black "Bonavigo, Claudio"]
[Result "1-0"]
[WhiteElo "1456"]
[BlackElo "1759"]
[PlyCount "73"]
[EventDate "2020.??.??"]

1. c4 d6 2. Nc3 e5 3. g3 f5 4. e3 Nf6 5. Nge2 Be7 6. Bg2 c6 7. O-O O-O 8. d4
Qc7 9. a3 Nbd7 10. b4 a6 11. Bb2 Rb8 12. Rc1 Kh8 13. Qd3 g6 14. c5 d5 15. a4
Ng4 16. h3 Nh6 17. b5 e4 18. b6 Qd8 19. Qc2 g5 20. Kh2 Nf6 21. Ng1 Nh5 22. Qd1
Qe8 23. Nce2 f4 24. exf4 gxf4 25. Qd2 Bg5 26. Kh1 Qe7 27. gxf4 Nxf4 28. Qc3
Nxg2 29. Qg3 Bxc1 30. Bxc1 Rg8 31. Qxb8 Nf7 32. Qh2 Nh4 33. Bf4 Rg2 34. Be5+
Kg8 35. Qf4 Ng6 36. Qf6 Rg5 37. Qg7# 1-0

[Event "Campionato Provinciale Zevio 2020"]
[Site "?"]
[Date "2020.01.24"]
[Round "1.12"]
[White "Jimchi, Abdelaziz"]
[Black "Pompele, Andrea"]
[Result "1-0"]
[WhiteElo "1758"]
[BlackElo "1456"]
[PlyCount "69"]
[EventDate "2020.??.??"]

1. d4 d5 2. Nf3 Nf6 3. e3 Bf5 4. c4 e6 5. Qb3 Qc8 6. Nc3 a6 7. cxd5 exd5 8.
Nxd5 Nxd5 9. Qxd5 Be6 10. Qe4 Be7 11. Bd2 Nc6 12. Bd3 Nb4 13. Bb1 g6 14. a3 Bf5
15. Qe5 f6 16. Bxf5 fxe5 17. Bxc8 Nc2+ 18. Ke2 Nxa1 19. Bxb7 Rb8 20. Bc6+ Kf8
21. Rxa1 Rxb2 22. Nxe5 Kg7 23. Nd3 Rb3 24. a4 Rhb8 25. Rc1 Bd6 26. g3 Rb1 27.
Rxb1 Rxb1 28. e4 Rb6 29. d5 Kf7 30. e5 Bf8 31. Ba5 Rb1 32. Bxc7 Ra1 33. d6 Ra2+
34. Ke3 Ke6 35. Nf4+ 1-0

[Event "Campionato Provinciale Zevio 2020"]
[Site "?"]
[Date "2020.01.24"]
[Round "1.13"]
[White "Lissandrini, Lisa"]
[Black "Rizzati, Aldo"]
[Result "0-1"]
[WhiteElo "1440"]
[BlackElo "1744"]
[PlyCount "152"]
[EventDate "2020.??.??"]

1. d4 d5 2. Nf3 Nf6 3. e3 Bg4 4. Be2 e6 5. O-O Nbd7 6. Nbd2 Bd6 7. Bd3 O-O 8.
e4 e5 9. c3 dxe4 10. Nxe4 Nxe4 11. Bxe4 c6 12. Bc2 Qc7 13. Qd3 g6 14. g3 Rfe8
15. Ng5 exd4 16. Qxd4 Be2 17. Bb3 Ne5 18. Re1 Nf3+ 19. Nxf3 Bxf3 20. Bg5 Bf8
21. Qf6 Bg4 22. Bf4 Qd7 23. Be5 Rxe5 24. Rxe5 Bg7 25. Qf4 Bxe5 26. Qxe5 Re8 27.
Qf4 Kg7 28. f3 Be6 29. Rd1 Qe7 30. Bxe6 Qxe6 31. Qd4+ Kg8 32. Qxa7 Qe2 33. Qd4
Qxb2 34. Rd2 Qc1+ 35. Kg2 Qe1 36. Rf2 b5 37. Qd7 Re6 38. Qd8+ Kg7 39. Qd4+ Qe5
40. Qb4 Qd5 41. a4 bxa4 42. Qxa4 c5 43. c4 Qd4 44. Qc2 Re1 45. h4 h5 46. Rf1
Re3 47. Rf2 Rc3 48. Qd2 Rxc4 49. Qxd4+ Rxd4 50. Rc2 c4 51. Rc3 Kf6 52. Kf2 Ke5
53. Ke3 Kd5 54. Ra3 Rd1 55. Rc3 f5 56. Rc2 Re1+ 57. Kf2 Re6 58. Rd2+ Kc5 59.
Rc2 Kd4 60. Ra2 Kd3 61. Kf1 c3 62. Ra3 Kd2 63. Ra1 c2 64. Kg2 c1=Q 65. Rxc1
Kxc1 66. g4 hxg4 67. fxg4 fxg4 68. Kg3 Re4 69. h5 gxh5 70. Kg2 h4 71. Kh2 Kd2
72. Kg2 Ke2 73. Kh2 Kf3 74. Kg1 Kg3 75. Kf1 Re5 76. Kg1 Re1# 0-1

[Event "Campionato Provinciale Zevio 2020"]
[Site "?"]
[Date "2020.01.24"]
[Round "1.14"]
[White "Gneo, Marco"]
[Black "Venturini, Valter"]
[Result "1-0"]
[WhiteElo "1724"]
[BlackElo "1193"]
[PlyCount "67"]
[EventDate "2020.??.??"]

1. d4 b6 2. c4 e6 3. Nc3 Bb7 4. e4 d6 5. Bd3 Nf6 6. Nf3 Be7 7. O-O O-O 8. Bf4
Nbd7 9. Rc1 c6 10. Qe2 Qc7 11. b4 e5 12. Bg5 exd4 13. Nxd4 c5 14. Nf5 Bd8 15.
Nb5 Qc6 16. Nbxd6 g6 17. Nxb7 gxf5 18. Nxd8 Raxd8 19. e5 Rde8 20. b5 Qc7 21. f4
Ng4 22. Bxf5 f6 23. Qxg4 fxg5 24. Bxd7 Re7 25. Rcd1 Rg7 26. Qe6+ Kh8 27. f5 Qb7
28. Bc6 Qb8 29. Qd6 Qxd6 30. Rxd6 g4 31. f6 Rg6 32. e6 Rgxf6 33. Rxf6 Rxf6 34.
e7 1-0

[Event "Campionato Provinciale Zevio 2020"]
[Site "?"]
[Date "2020.01.24"]
[Round "1.15"]
[White "Zangrandi, Giulio"]
[Black "Adami, Antonio"]
[Result "0-1"]
[WhiteElo "1174"]
[BlackElo "1717"]
[PlyCount "144"]
[EventDate "2020.??.??"]

1. e4 Nf6 2. Nc3 d5 3. e5 Ne4 4. Nge2 Nc6 5. Nxe4 dxe4 6. Nc3 Qd4 7. Bb5 Bd7 8.
e6 Bxe6 9. Qe2 Bd5 10. Nxd5 Qxd5 11. Bc4 Qe5 12. c3 e6 13. Bb5 Qc5 14. b4 Qe5
15. d4 Qf5 16. O-O Bd6 17. Re1 O-O 18. Bxc6 bxc6 19. Qxe4 Qd5 20. Qg4 Kh8 21.
Bf4 Qc4 22. Re3 a5 23. Bxd6 cxd6 24. bxa5 Rxa5 25. Qe2 Qd5 26. Qd2 Rb8 27. c4
Qg5 28. h4 Qd8 29. g3 Rba8 30. Re2 Qf6 31. Rb1 Ra4 32. Qc3 h6 33. Rbb2 c5 34.
Red2 cxd4 35. Qxd4 Qxd4 36. Rxd4 d5 37. Rc2 Rxc4 38. Rdxc4 dxc4 39. Kf1 Kg8 40.
Ke2 Ra3 41. Kd2 Kf8 42. Kc1 Ke7 43. Kb2 Ra4 44. Kc3 e5 45. Kd2 Kd6 46. Ke3 Ra3+
47. Ke4 Ke6 48. g4 g6 49. g5 Rh3 50. Rxc4 Rxh4+ 51. Kd3 Rh3+ 52. Ke2 hxg5 53.
a4 Ra3 54. Kd1 Kd5 55. Rg4 f6 56. Ke2 e4 57. a5 Rxa5 58. f4 gxf4 59. Rxf4 f5
60. Kf2 Ra3 61. Ke2 Ke5 62. Rf1 f4 63. Rc1 Ra2+ 64. Kf1 Kf5 65. Rc5+ Kg4 66.
Rc1 e3 67. Re1 Kf3 68. Kg1 Rd2 69. Kf1 e2+ 70. Kg1 Rd1 71. Kh1 Rxe1+ 72. Kh2 g5
0-1

[Event "Campionato Provinciale Zevio 2020"]
[Site "?"]
[Date "2020.01.24"]
[Round "1.16"]
[White "Zanaglia, Renato"]
[Black "Prealta, Fiorenzo"]
[Result "1-0"]
[WhiteElo "1704"]
[BlackElo "1139"]
[PlyCount "71"]
[EventDate "2020.??.??"]

1. Nf3 Nc6 2. d4 e6 3. c4 d5 4. Bf4 Nf6 5. e3 Be7 6. Nc3 Nh5 7. Bg3 a6 8. Nd2
Nxg3 9. hxg3 Bb4 10. Qc2 h6 11. a3 Bxc3 12. Qxc3 Ne7 13. Be2 c6 14. c5 Qc7 15.
O-O-O b5 16. b4 a5 17. Kb2 axb4 18. axb4 Rg8 19. Ra1 Rxa1 20. Rxa1 g5 21. Ra8
f5 22. Bh5+ Kd7 23. Qa3 g4 24. Ra7 Bb7 25. Nb3 Nc8 26. Ra5 Rg5 27. Bf7 Kd8 28.
Bxe6 Ne7 29. Ra7 Rg6 30. Na5 Rxe6 31. Nxb7+ Kd7 32. Nd6 Qxa7 33. Qxa7+ Kd8 34.
Qb8+ Kd7 35. Qe8+ Kc7 36. Nxf5 1-0

[Event "Campionato Provinciale Zevio 2020"]
[Site "?"]
[Date "2020.01.25"]
[Round "2.3"]
[White "Oppici, Gabriele"]
[Black "Zanaglia, Renato"]
[Result "1-0"]
[WhiteElo "1946"]
[BlackElo "1704"]
[PlyCount "93"]
[EventDate "2020.??.??"]

1. d4 Nf6 2. Nf3 g6 3. Bf4 d5 4. e3 Bg7 5. Be2 O-O 6. O-O Nbd7 7. h3 Ne4 8. c4
dxc4 9. Bxc4 Nb6 10. Bd3 Nd6 11. Nc3 c6 12. Bg5 h6 13. Bf4 Re8 14. Qc2 g5 15.
Be5 f6 16. Bg3 Nf7 17. Rad1 Nd5 18. Nxd5 cxd5 19. Rc1 Bd7 20. b4 e5 21. dxe5
fxe5 22. Bg6 Rc8 23. Qb3 Rxc1 24. Rxc1 Bb5 25. Nd2 Re6 26. Bf5 Rc6 27. Rxc6
bxc6 28. a4 Ba6 29. Qb1 Nd6 30. Be6+ Kh8 31. Qg6 Qf6 32. Qxf6 Bxf6 33. Nf3 Nc4
34. Bd7 Bb7 35. b5 c5 36. Bc6 Na5 37. Bxb7 Nxb7 38. Bxe5 Bxe5 39. Nxe5 Nd6 40.
Nc6 Nc8 41. a5 Kg7 42. Nxa7 Nxa7 43. b6 Nc6 44. a6 c4 45. a7 c3 46. a8=Q Nb4
47. Qa1 1-0

[Event "Campionato Provinciale Zevio 2020"]
[Site "?"]
[Date "2020.01.25"]
[Round "2.4"]
[White "Adami, Antonio"]
[Black "Bertani, Gianfranco"]
[Result "0-1"]
[WhiteElo "1717"]
[BlackElo "1939"]
[PlyCount "96"]
[EventDate "2020.??.??"]

1. d4 d5 2. Bf4 Nf6 3. e3 Bf5 4. c4 e6 5. Nc3 c6 6. Qb3 Qb6 7. c5 Qxb3 8. axb3
Nh5 9. Bxb8 Rxb8 10. Rxa7 e5 11. Na4 exd4 12. Be2 Bg6 13. g4 Nf6 14. exd4 Nd7
15. b4 Be7 16. Kd2 O-O 17. b5 Bg5+ 18. Kc3 Nf6 19. f3 h5 20. h4 Be3 21. g5 Ra8
22. Rxa8 Rxa8 23. b3 Nd7 24. Nh3 Nf8 25. bxc6 bxc6 26. Bd3 Ne6 27. Bxg6 Bxd4+
28. Kd3 fxg6 29. Rc1 Be5 30. Re1 Nf4+ 31. Nxf4 Bxf4 32. Re6 Bg3 33. Rxc6 Bxh4
34. Rxg6 Bg3 35. Re6 Kf7 36. Re2 h4 37. Rg2 Bc7 38. Nb6 Ra1 39. Nxd5 h3 40. g6+
Kf8 41. Re2 Bg3 42. Re7 h2 43. Rf7+ Ke8 44. Rxg7 h1=Q 45. Rg8+ Kd7 46. Nb6+ Kc6
47. Rc8+ Kb5 48. Nd5 Qxf3+ 0-1

[Event "Campionato Provinciale Zevio 2020"]
[Site "?"]
[Date "2020.01.25"]
[Round "2.5"]
[White "Gemma, Stefano"]
[Black "Pieropan, Giorgio"]
[Result "0-1"]
[WhiteElo "1558"]
[BlackElo "1801"]
[PlyCount "95"]
[EventDate "2020.??.??"]

1. e4 e5 2. Bc4 Nc6 3. Nf3 Bc5 4. O-O d6 5. Nc3 Nf6 6. h3 a6 7. Re1 b5 8. Bf1
Bb7 9. d3 h6 10. Ne2 Ne7 11. Be3 Bxe3 12. fxe3 Ng6 13. Ng3 O-O 14. Nf5 Qd7 15.
N3h4 Nxh4 16. Nxh4 d5 17. exd5 Bxd5 18. e4 Be6 19. Nf3 Rae8 20. Qd2 c5 21. Qe3
Qc7 22. a4 b4 23. b3 $11 a5 24. g3 Nh7 25. Nh4 Ng5 26. Nf5 Bxf5 27. exf5 e4 28.
Bg2 exd3 29. Qxd3 Rd8 30. Qe3 c4 31. h4 Nh7 32. Rad1 Nf6 33. Rxd8 Rxd8 34. Qf3
Rd2 35. Re2 c3 36. Kh2 Qd8 37. Bf1 h5 38. Rg2 Ng4+ 39. Kh3 Qd4 40. Bd3 Nf2+ 41.
Rxf2 Qxf2 42. Qa8+ Kh7 43. f6+ g6 44. Bxg6+ Kxg6 45. Qg8+ Kxf6 46. Qg5+ Ke6 47.
Qe3+ Kd7 48. Qd3+ 0-1

[Event "Campionato Provinciale Zevio 2020"]
[Site "?"]
[Date "2020.01.25"]
[Round "2.6"]
[White "Antolini, Aldo"]
[Black "Jimchi, Abdelaziz"]
[Result "1/2-1/2"]
[WhiteElo "1545"]
[BlackElo "1758"]
[PlyCount "77"]
[EventDate "2020.??.??"]

1. d4 d5 2. Nf3 Nf6 3. e3 Bg4 4. Be2 e6 5. c4 c6 6. cxd5 exd5 7. O-O Bd6 8.
Nbd2 Nbd7 9. Re1 O-O 10. Nf1 Ne4 11. N3d2 Bf5 12. Nxe4 Bxe4 13. Bd3 Qe7 14. f3
Bxd3 15. Qxd3 Rfe8 16. Bd2 Nf6 17. Kh1 Qc7 18. Rac1 Qb6 19. b3 Rad8 20. Qc3 h6
21. Qc2 Rd7 22. Bc3 Bb4 23. Bxb4 Qxb4 24. Qc5 Qxc5 25. Rxc5 Rde7 26. Rcc1 Nh7
27. Kg1 f5 28. Kf2 g6 29. h3 Nf8 30. g4 fxg4 31. hxg4 Ne6 32. Ng3 Rf7 33. Rh1
Kg7 34. Rce1 Ng5 35. f4 Ne4+ 36. Nxe4 Rxe4 37. Kg3 Rf8 38. Rhf1 Rfe8 39. Kf3
1/2-1/2

[Event "Campionato Provinciale Zevio 2020"]
[Site "?"]
[Date "2020.01.25"]
[Round "2.7"]
[White "Malni, Riccardo"]
[Black "Nori, Marco"]
[Result "1-0"]
[WhiteElo "1938"]
[BlackElo "1456"]
[PlyCount "107"]
[EventDate "2020.??.??"]

1. Nf3 Nf6 2. g3 e6 3. Bg2 d5 4. O-O Be7 5. d3 O-O 6. Nbd2 Nbd7 7. e4 dxe4 8.
dxe4 h6 9. e5 Nh7 10. Ne4 Nc5 11. Qe2 b6 12. Nxc5 Bxc5 13. Rd1 Qe8 14. Nd4 Rb8
15. Nc6 Bb7 16. Nxb8 Qxb8 17. Bxb7 Qxb7 18. h4 a5 19. Qd3 Qc6 20. c3 f5 21. Be3
Re8 22. Bxc5 Qxc5 23. Qd4 Qe7 24. Qd7 Kf7 25. f4 Nf8 26. Qxe7+ Rxe7 27. b4 Nd7
28. Rd2 g5 29. Rad1 Ke8 30. hxg5 hxg5 31. Rh2 gxf4 32. Rh8+ Kf7 33. Rh7+ Ke8
34. Rxe7+ Kxe7 35. gxf4 axb4 36. cxb4 Nf8 37. Kg2 Ng6 38. Kg3 Ke8 39. a4 Ne7
40. a5 bxa5 41. bxa5 Nc6 42. a6 Na7 43. Rb1 Kd7 44. Rb7 Nc8 45. a7 Nxa7 46.
Rxa7 Kc6 47. Kh4 Kb6 48. Ra8 c5 49. Kg5 Kc6 50. Kf6 Kd5 51. Rd8+ Ke4 52. Kxe6
Kxf4 53. Kd5 c4 54. e6 1-0

[Event "Campionato Provinciale Zevio 2020"]
[Site "?"]
[Date "2020.01.25"]
[Round "2.8"]
[White "Righi, Francesco"]
[Black "Goldoni, Claudio"]
[Result "1/2-1/2"]
[WhiteElo "1806"]
[BlackElo "1825"]
[PlyCount "50"]
[EventDate "2020.??.??"]

1. e4 e5 2. Nf3 Nc6 3. Bb5 g6 4. Bxc6 dxc6 5. d4 exd4 6. Qxd4 Qxd4 7. Nxd4 Bg7
8. c3 Nf6 9. f3 Bd7 10. Bf4 O-O-O 11. Na3 Rhe8 12. O-O-O b5 13. g4 a6 14. Rhe1
h5 15. g5 Nh7 16. Nac2 Nf8 17. Nb3 Ne6 18. Be3 Bf8 19. Nb4 Bd6 20. Rd2 Be7 21.
h4 Rf8 22. e5 Bxb4 23. cxb4 Rfe8 24. f4 Re7 25. Bc5 Ree8 1/2-1/2

[Event "Campionato Provinciale Zevio 2020"]
[Site "?"]
[Date "2020.01.25"]
[Round "2.9"]
[White "Margareci, Massimo"]
[Black "Macalello, Angelo"]
[Result "0-1"]
[WhiteElo "1601"]
[BlackElo "1616"]
[PlyCount "76"]
[EventDate "2020.??.??"]

1. d4 d5 2. Bf4 e6 3. Nf3 Bd6 4. Bg3 Bxg3 5. hxg3 Nf6 6. e3 Nbd7 7. Nbd2 c5 8.
c3 b6 9. Bd3 Qe7 10. e4 dxe4 11. Nxe4 h6 12. Nxf6+ Qxf6 13. Bb5 O-O 14. Bxd7
Bxd7 15. dxc5 Bb5 16. Qd4 e5 17. Qd6 Rad8 18. Qxf6 gxf6 19. Rd1 Rxd1+ 20. Kxd1
bxc5 21. Kc2 Kg7 22. Rd1 a6 23. b3 c4 24. b4 Ba4+ 25. Kc1 Bxd1 26. Kxd1 Re8 27.
Nd2 Rc8 28. Kc2 f5 29. a4 f6 30. Kb2 Kg6 31. Ka3 f4 32. b5 axb5 33. axb5 Kf7
34. Kb4 Ke6 35. Nxc4 h5 36. Ka5 Rxc4 37. b6 Kd7 38. Ka6 Kc8 0-1

[Event "Campionato Provinciale Zevio 2020"]
[Site "?"]
[Date "2020.01.25"]
[Round "2.11"]
[White "Zonta, Riccardo"]
[Black "Negro, Raffaele"]
[Result "1/2-1/2"]
[WhiteElo "1488"]
[BlackElo "1809"]
[PlyCount "97"]
[EventDate "2020.??.??"]

1. e4 b6 2. d4 Bb7 3. f3 e6 4. Nc3 Nf6 5. a3 d5 6. Bd3 c5 7. Bb5+ Bc6 8. Nge2
Bxb5 9. Nxb5 dxe4 10. fxe4 Nxe4 11. O-O a6 12. Nbc3 Nxc3 13. bxc3 Nc6 14. Be3
Be7 15. dxc5 Bxc5 16. Bxc5 bxc5 17. Rb1 O-O 18. Ng3 Ne5 19. Qe2 Qc7 20. Rfd1
Ng6 21. Qe4 Qe5 22. Qxe5 Nxe5 23. Ne4 c4 24. Nc5 Rfc8 25. Nd7 $11 Nxd7 26. Rxd7
Rd8 27. Rbb7 Rxd7 28. Rxd7 e5 29. Kf2 Kf8 30. Ke2 Rc8 31. Rd6 Ke7 32. Rxa6 Kd7
33. Ra5 Ke6 34. a4 Kd6 35. Ke3 f5 36. g3 g5 37. Ra6+ Kd5 38. Ra7 f4+ 39. gxf4
gxf4+ 40. Kf3 Re8 41. Ra5+ Kd6 42. Ke4 h5 43. Rd5+ Kc6 44. a5 f3 45. Rd1 f2 46.
Rf1 Rf8 47. Kxe5 Kb5 48. Kd4 Rd8+ 49. Ke3 1/2-1/2

[Event "Campionato Provinciale Zevio 2020"]
[Site "?"]
[Date "2020.01.25"]
[Round "2.13"]
[White "Pompele, Andrea"]
[Black "Vujicic, Luigi"]
[Result "0-1"]
[WhiteElo "1456"]
[BlackElo "1699"]
[PlyCount "66"]
[EventDate "2020.??.??"]

1. e4 c6 2. d4 d5 3. Nc3 dxe4 4. Nxe4 Bf5 5. Ng3 Bg6 6. h4 h6 7. h5 Bh7 8. Nf3
Nd7 9. Bd3 Bxd3 10. Qxd3 Qc7 11. Be3 Ngf6 12. Qf5 e6 13. Qf4 Bd6 14. Qh4 Bxg3
15. fxg3 O-O-O 16. O-O-O Qa5 17. Kb1 Nd5 18. Bf2 N7b6 19. Ne5 Na4 20. Rd3 Qc7
21. Rf3 Rhf8 22. Qg4 f5 23. Qh4 c5 24. Ra3 b5 25. Ng6 Rf6 26. Re1 Qd7 27. Ne5
Qc7 28. Ng6 cxd4 29. Bxd4 Qd6 30. Kc1 Nb4 31. Be3 Nc5 32. Bf4 Qd4 33. Rxa7
Ncd3+ 0-1

[Event "Campionato Provinciale Zevio 2020"]
[Site "?"]
[Date "2020.01.25"]
[Round "2.14"]
[White "Marcori, Mirko"]
[Black "Lissandrini, Lisa"]
[Result "1-0"]
[WhiteElo "1649"]
[BlackElo "1440"]
[PlyCount "169"]
[EventDate "2020.??.??"]

1. d4 d5 2. Nf3 Nf6 3. g3 g6 4. Bg2 Bg7 5. b3 O-O 6. Bb2 b6 7. O-O c5 8. e3 Nc6
9. Nbd2 Bd7 10. c4 Bc8 11. cxd5 Nxd5 12. Nc4 Bb7 13. e4 Nc7 14. d5 Nb4 15. Bxg7
Kxg7 16. a3 Nba6 17. Ra2 Nb5 18. Rd2 Nd6 19. Nxd6 exd6 20. e5 Re8 21. Re1 Nc7
22. exd6 Qxd6 23. Rxe8 Rxe8 24. Ne1 Rd8 25. Nc2 Ne8 26. Ne3 Nf6 27. a4 a6 28.
h4 h5 29. Qa1 Kh7 30. Qd1 Qe5 31. Nc4 Qf5 32. Nxb6 Ne4 33. Bxe4 Qxe4 34. Rd3 a5
35. Qf3 Qe1+ 36. Kg2 Qe7 37. Qd1 Qe4+ 38. Kg1 Rd6 39. Re3 Qf5 40. Rf3 Qe4 41.
Rxf7+ Kg8 42. Rxb7 Rf6 43. Rb8+ Kg7 44. Nd7 Rd6 45. Nxc5 Qe5 46. Rb7+ Kg8 47.
Nd7 Qe4 48. Qa1 Qxd5 49. Rb8+ Kf7 50. Rf8+ Ke6 51. Nb6 Qd4 52. Qxd4 Rxd4 53.
Nc4 Rd7 54. Nxa5 Kd6 55. Rf6+ Kc5 56. Rxg6 Kb4 57. Rg5 Ka3 58. Rxh5 Ra7 59. f4
Rg7 60. Kg2 Rd7 61. Rb5 Rd2+ 62. Kh3 Rd7 63. f5 Rd3 64. f6 Rf3 65. f7 Rxf7 66.
h5 Rf6 67. h6 Rxh6+ 68. Kg4 Rd6 69. Nc4+ Ka2 70. Nxd6 Ka3 71. a5 Ka2 72. a6 Ka3
73. a7 Ka2 74. Nc4 Ka1 75. Kf5 Ka2 76. g4 Ka1 77. a8=B Ka2 78. g5 Ka1 79. Be4
Ka2 80. g6 Ka1 81. g7 Ka2 82. g8=B Ka1 83. Bh7 Ka2 84. Bg8 Ka1 85. Ra5# 1-0

[Event "Campionato Provinciale Zevio 2020"]
[Site "?"]
[Date "2020.01.25"]
[Round "2.16"]
[White "Pisani, Valerio"]
[Black "Zangrandi, Giulio"]
[Result "1-0"]
[WhiteElo "1632"]
[BlackElo "1174"]
[PlyCount "37"]
[EventDate "2020.??.??"]

1. e4 c6 2. d4 d5 3. Nc3 dxe4 4. Nxe4 Bf5 5. Ng3 Bg6 6. Nf3 Nd7 7. Bc4 Ngf6 8.
O-O Qc7 9. Re1 e6 10. Ng5 Nd5 11. h4 h6 12. Nxe6 fxe6 13. Rxe6+ Ne7 14. Qg4 Bf7
15. Bf4 Qa5 16. Rxe7+ Bxe7 17. Bxf7+ Kxf7 18. Qxd7 Rab8 19. Bxb8 1-0

[Event "Campionato Provinciale Zevio 2020"]
[Site "?"]
[Date "2020.01.25"]
[Round "3.3"]
[White "Pieropan, Giorgio"]
[Black "Antolini, Aldo"]
[Result "1-0"]
[WhiteElo "1801"]
[BlackElo "1545"]
[PlyCount "57"]
[EventDate "2020.??.??"]

1. e4 e6 2. Qe2 Be7 3. f4 c6 4. Nf3 d5 5. e5 Nd7 6. d4 c5 7. c3 cxd4 8. Nxd4
Bc5 9. Be3 Ne7 10. Nb5 Nf5 11. Nd4 Nxe3 12. Qxe3 O-O 13. Bd3 Qe7 14. Nd2 a6 15.
Qh3 f5 16. N2f3 Bxd4 17. Nxd4 Nc5 18. Bc2 Bd7 19. g4 Ne4 20. gxf5 exf5 21. Rg1
Be6 22. Rg2 Rf7 23. Bb3 Rd8 24. Qh6 g6 25. O-O-O Rg7 26. h4 Nc5 27. Bc2 Ne4 28.
h5 Bf7 29. Nxf5 1-0